| 000 | 00580nam a22001817a 4500 | ||
|---|---|---|---|
| 999 |
_c168852 _d168852 |
||
| 005 | 20191030122211.0 | ||
| 010 | _aENG-126730 | ||
| 020 |
_a9789387989931 _c110.00 |
||
| 035 | _aEN-110262 | ||
| 037 | _bDBAD/PUB | ||
| 082 | _a881 | ||
| 100 | _aSivasankar, Papineni | ||
| 245 |
_aRajnignadha / _cby Papineni Sivasankar |
||
| 260 |
_aNew Delhi _bSahitya Akadmi _c2018 |
||
| 270 |
_aRabindra Bhavan _b 35, Ferozshah Road,New Delhi _e110001 _k011-23386626/27/28 _msecretary@sahitya.akademi.gov.in |
||
| 300 |
_axviii;94p. _c22cm(pbk) |
||
| 942 |
_2ddc _cEN _h881 _mSIV |
||